000 00316nam a22001337a 4500
008 181022b xxu||||| |||| 00| 0 eng d
020 _a9780024162014
041 _aeng
080 _23 E D
_a316
100 _a50
101 _aSOC
245 _aEuropean Society Spcial Since 1750
_cPeters.N.S
942 _2udc
_cBK
999 _c50438
_d50438